Datum a čas kvízu
24
Celkem bodů
Celkový počet nahraných bodů na tomto kvízu bez doplňovacích otázek.
2.
Pořadí na kvízu
Konečné umístění týmu na tomto kvízu.
Zaznamenané odpovědi
| # | Otázka | Odpověď | Body | Výsledky |
|---|---|---|---|---|
| 1. | Česká společnost ornitologická... | zvonek (zelený) | 0 | |
| 2. | Jedna tchajwanská společnost z... | Litva | 0 | |
| 3. | Ukrajinskému ministru kultury... | Emily in Paris | 0 | |
| 4. | V uplynulém týdnu vůbec první... | Apple | 0 | |
| 5. | Extravagantní Peter „Snakebite... | v šipkách | 1 | |
| 6. | V následujícím tématu si připo... | Eleonora Šomková, Lori | 0 | |
| 7. | Herec Heath Ledger zemřel neče... | Kletba bratří Grimmů, Legendy z Dogtownu | 0 | |
| 8. | Anne Franková je navzdory svém... | Bergen-Belsen | 0 | |
| 9. | Nevynecháme ani známé hudebník... | 1994 | 0 | |
| 10. | V poslední otázce se vrátíme n... | 1B 2A 3D 4C | 0 |